Регионална библиотека "Любен Каравелов" - Русе

Животоописанието на Димо Петров Смядовски (Запис номер 346164)

MARC детайли
000 -Лидер
Контролно поле с фиксирана дължина 01381ntm a22002777a 4500
003 - Код на организацията, давaща контролен номер
Контролно поле BLK
005 - Дата и час на последна редакция
Контролно поле 20240730163731.0
008 - Елементи от данни с фиксирана дължина
fixed length control field 191024b bu ||||| ||||||0| | bu d
040 ## - Източник на каталожния запис
Идентификатор на билиотеката - собственик на записа BLK
041 ## - Код за език
Код за езика на текст/звукозапис или на отделно заглавие Български
Код за езика КДБФ Български
080 ## - УДК
Текстов определител УДК Педагогическо ръководство от възпитателни органи - дирекция, инспекторат, училищно ръководство
УДК код - определител по УДК 371.11
УДК - код + определител 371.11
100 ## - Редна дума - Автор
Автор Смядовски, Димо
Авторска отговорност първи автор
R(LIN) 1299
245 ## - Сведения за заглавието
Заглавие Животоописанието на Димо Петров Смядовски
Подзаглавни данни Ръкопис : Тетрадка 2
Заглавие на том Продължение
260 ## - Област на издателските данни
Място на издаване, разпространение и проч. Русе
Година на издаване 1940
300 ## - Физическа характеристика
Размери/Мащаб 20 см
380 ## - Жанр
Жанр Обществени науки
490 ## - СЕРИИ (Колекции)
9 (RLIN) 396381
Име на серия Частна колекция - Академик Михаил Арнаудов
Бележки за серията Дарение - Основен фонд
505 ## - Форматирана забележка
Заглавие Датиране: гр. Русе, 1/VІІІ 1940 год. Подпис: Димо Смядовски
600 14 - Име на лице, използвано като предмет
За него / За нея Смядовски, Димо Петров
Титли или други наименования, свързани с автора учител и общественик, автор на материали върху историята на Русе
Свързани дати (1860 - 1944)
9 (RLIN) 121823
760 ## - Описание на основната серия
Страници - том с. 41-92 с.
Част - том Тетрадка 2
Заглавие Продължение
852 ## - Местоположение
Форматна сигнатура МА 5044
856 ## - Електронен адрес и достъп
Инструкция (цена за достъп) 0.00
Права за достъп disable
999 ## - СИСТЕМНИ КОНТРОЛНИ НОМЕРА
Koha biblionumber 346164
Koha biblioitemnumber 346164
942 ## - АРТИКУЛИ
Източник на класификационната схема Universal Decimal Classification
Вид на библиотечния материал Ръкописи
Скрит в OPAC Не
Периодичен библиозапис Да
999 ## - СИСТЕМНИ КОНТРОЛНИ НОМЕРА
Koha biblioitemnumber 346164
999 ## - СИСТЕМНИ КОНТРОЛНИ НОМЕРА
Koha biblioitemnumber 346163
944 ## - СЪЗДАВАНЕ И РЕДАКЦИЯ на ЗАПИСА
Служител, извършил регистрацията/редакцията 30540
Статус, дата на статуса Севдалина Тодорова
Наличности
Код за отписване Код за изгубен артикул Източник на класификационната схема Код за повреда Коз за рестрикции Код за отдаване Артикулен № Име на библиотеката - собственик Име на библиотеката, в която се намира в момента Статус (Текущо местоположение) Дата на вписване в системата Местоположение - отдел Цена в лева Систематично азбучна сигнатура Баркод Цена в евро Служебен тип на артикула
  Не е изгубен Universal Decimal Classification Не е повреден само за читалня Специални фондове ( старопечатни, редки и ценни, фонд М. Арнаудов) 748331 Регионална библиотека "Любен Каравелов" Русе Регионална библиотека "Любен Каравелов" Русе Фонд "Михаил Арнаудов" 2019-10-30 Фонд "Михаил Арнаудов" 15.00 МА 5044 120000837169 7.67 Ръкописи
Vip Innovations Ltd, Rousse, Bulgaria 2025